00778 2200253 4500001002100000005001700021008004100038020002200079035002400101040001200125082001000137090001700147100001800164245010600182260004200288300002400330500004400354650003000398700002100428850001200449990002100461990002100482990002100503YOGYA-0209000007300520090227093657.0 ind  a978-979-22-3731-3 0010-020900000073005 aYOPDYOG a613.2 a613.2bCro L aCROSS, Amanda a50 resep jus dan smoothic rendah karbohidrat kaya nutrisicAmanda Croos ; alih bahasa Inti Krisnawati aJakartabGramedia Pustaka Utamac2008 a125hlmbilusc22 cm aJudul asli: 50 healthy delicius recipes aMinuman - Aspek kesehatan aKrisnawati, Inti aYOPDYOG a43809-PD/B.08b1 a43808-PD/B.08b1 a43807-PD/B.08b1